Pokémon - Quiz 2G - Statistiques

Statistiques générales
  • Ce quiz a été pris 141 fois
  • Le résultat moyen est 11 sur 20
Statistiques - réponses
Indice Réponse % Correct
Types apparus dans cette génération Acier
99%
Jeux Argent
99%
Jeux Or
99%
Jeux Cristal
93%
Types apparus dans cette génération Ténèbres
91%
Pokémon chromatique le plus facile à trouver Léviator
85%
Personnage anciennement champion d'arène qui est devenu membre du conseil des 4 Koga
80%
Pokémon ayant la statistique de PV maximale Leuphorie
73%
Pokémon n'apprenant qu'une attaque Zarbi
58%
Pokémon capturables uniquement lors de cet événement (en citer 1) Insécateur|Scarabrute
56%
Objet nécessaire pour capturer Simularbre Carapuce à O
47%
Pokémon étant le seul représentant d'un double type encore aujourd'hui Tyranocif
45%
Pokémon ayant le plus grand taux d'utilisation de toute l'histoire de la stratégie Smogon Ronflex
38%
Événement ayant lieu tous les mardis, jeudis et samedis Concours de Capture d'insecte
19%
Élément de post-game présent depuis le jeu #3 Tour de Combat
18%
Attaque apprise par ce Pokémon Puis. Cachée
16%
Objets qui ont un effet sur un Pokémon seulement Ballelumière
14%
Nom de l'actuelle Tour Carillon à Rosalia Tour Ferraille
13%
Objets qui ont un effet sur un Pokémon seulement Bâton
6%
Objets qui ont un effet sur un Pokémon seulement Poudre Métal
2%
Aucun quiz correspondant
Distribution des résultats
% des personnes avec chaque résultat
Percentile par nombre de réponses
Votre historique - résultats
Vous n’avez pas pris ce quiz